00431cam a2200157ua 4500003000400000008004100004020002100045041000800066082001800074100002000092245006700112250000800179260006500187300001200252500000900264OSt250221b |||||||| |||| 00| 0 eng d a0 07 451586 1 aeng a621.3bDHO/BA aDhogal, P S . aBasic electrical engineering with numerical problems, Vol 1 /  a1st aNew Delhi : bTata Mc-Graw Hill Publishing Company , c1999. a257 ; . a*CSS